=LDR 00000nam 2200000 4500 =001 INLIS000000000000765 =005 20130612085209 =008 ***********************************Ind** =035 ##$$0010-061300000000765 =041 ##$$a Ind =082 ##$$a 92(Einstein) =090 ##$$a 92(Einstein), Set-k =100 ##$$a Setiawan, Sandi =245 ##$$a Kiprah dan gelegar relativitas Einstein, Sandi Setiawan =260 ##$$a 1992 $b Yogyakarta =300 ##$$a ix, 129 hlm, ilus, 23 cm =650 ##$$a Einstein =850 ##$$a NBPNMAT